[Event "POL-ch U18"]
[Site "Sypniewo"]
[Date "2022.03.27"]
[Round "9"]
[White "Haliniak, Wojciech"]
[Black "Jozefik, Aleksander"]
[Result "1-0"]
[WhiteElo "1751"]
[BlackElo "1729"]
[PlyCount "61"]
[EventDate "2022.03.19"]
[EventType "swiss"]
[EventRounds "9"]
[EventCountry "POL"]
[SourceTitle "CBM 207 Extra"]
[Source "ChessBase"]
[SourceDate "2022.05.31"]
[SourceVersion "1"]
[SourceVersionDate "2022.05.31"]
[SourceQuality "1"]

1. e4 c5 2. Nf3 Nc6 3. Bb5 e6 4. Bxc6 bxc6 5. d3 d5 6. Qe2 Ne7 7. h4 h5 8. c4 Qc7 9. 0-0 Bb7 10. Nc3 d4 11. Na4 Ng6 12. e5 Be7 13. g3 Bc8 14. Qe4 Nf8 15. b3 Nd7 16. Ba3 Bb7 17. Rae1 Qa5 18. Qf4 Nb6 19. Qd2 Qxd2 20. Nxd2 Nxa4 21. bxa4 0-0-0 22. f4 Kc7 23. Ne4 Rb8 24. Rb1 Rh6 25. Rb3 Rg6 26. Kf2 Bc8 27. Bxc5 Bxc5 28. Nxc5 f6 29. Re1 f5 30. Rxb8 Kxb8 31. Nb3 1-0

[Event "POL-ch U18"]
[Site "Sypniewo"]
[Date "2022.03.22"]
[Round "4"]
[White "Zabron, Maksym"]
[Black "Jozefik, Aleksander"]
[Result "1-0"]
[WhiteElo "1934"]
[BlackElo "1729"]
[PlyCount "71"]
[EventDate "2022.03.19"]
[EventType "swiss"]
[EventRounds "9"]
[EventCountry "POL"]
[SourceTitle "CBM 207 Extra"]
[Source "ChessBase"]
[SourceDate "2022.05.31"]
[SourceVersion "1"]
[SourceVersionDate "2022.05.31"]
[SourceQuality "1"]

1. d4 Nf6 2. c4 e6 3. Nc3 Bb4 4. f3 d5 5. a3 Bxc3+ 6. bxc3 0-0 7. cxd5 exd5 8. e3 b6 9. Bd3 Bb7 10. Ne2 Re8 11. 0-0 Nbd7 12. Ng3 a6 13. Re1 Nf8 14. Ra2 c5 15. Rf2 Ne6 16. Bb2 Qc7 17. e4 Nf4 18. Bb1 N6h5 19. Nxh5 Nxh5 20. e5 g6 21. f4 Ng7 22. f5 gxf5 23. Bxf5 Bc8 24. Bb1 Qe7 25. Ref1 Ra7 26. Rf6 Qf8 27. R1f4 h5 28. Qd3 Bf5 29. R6xf5 Nxf5 30. Qxf5 Qh6 31. Bc1 Kf8 32. Rf1 Qh8 33. Qg6 Ree7 34. Bh6+ Ke8 35. Qc6+ Rad7 36. Bf5 1-0

[Event "POL-ch U18"]
[Site "Sypniewo"]
[Date "2022.03.21"]
[Round "3"]
[White "Jozefik, Aleksander"]
[Black "Lenart, Jakub"]
[Result "0-1"]
[WhiteElo "1729"]
[BlackElo "1792"]
[PlyCount "112"]
[EventDate "2022.03.19"]
[EventType "swiss"]
[EventRounds "9"]
[EventCountry "POL"]
[SourceTitle "CBM 207 Extra"]
[Source "ChessBase"]
[SourceDate "2022.05.31"]
[SourceVersion "1"]
[SourceVersionDate "2022.05.31"]
[SourceQuality "1"]

1. e4 d6 2. d4 Nf6 3. Nc3 e5 4. dxe5 dxe5 5. Qxd8+ Kxd8 6. Nf3 Bd6 7. Bg5 Be6 8. 0-0-0 Nbd7 9. Bb5 Kc8 10. h3 a6 11. Bxd7+ Nxd7 12. Be3 f6 13. a3 b6 14. Rd2 Kb7 15. Rhd1 Nc5 16. Ne1 g5 17. Nd3 Nxd3+ 18. Rxd3 Rae8 19. Nd5 Be7 20. c4 Bd8 21. c5 b5 22. Nb4 c6 23. f3 Bc7 24. Nc2 h5 25. Bf2 Rhg8 26. Ne3 a5 27. b4 axb4 28. axb4 Ra8 29. Kd2 Ra2+ 30. Ke1 Rb2 31. Ra1 Ra8 32. Rxa8 Kxa8 33. Nf5 Rxb4 34. Ne7 Kb7 35. Be3 Ba5 36. Kd1 Bc7 37. Ra3 Ra4 38. Rd3 Ra1+ 39. Bc1 Ra2 40. Bd2 Ra1+ 41. Bc1 Ra2 42. Bd2 h4 43. Ng6 Ra1+ 44. Kc2 Rg1 45. Nf8 Bc8 46. Nh7 Rxg2 47. Nxf6 Bxh3 48. f4 Bc8 49. f5 g4 50. Kb3 h3 51. Nxg4 Rxg4 52. Rxh3 Rxe4 53. Rf3 Rd4 54. f6 Rxd2 55. f7 Be6+ 56. Kb4 Rb2+ 0-1

[Event "POL-ch U18"]
[Site "Sypniewo"]
[Date "2022.03.19"]
[Round "1"]
[White "Budzisz, Adrian"]
[Black "Jozefik, Aleksander"]
[Result "1-0"]
[WhiteElo "2064"]
[BlackElo "1729"]
[PlyCount "95"]
[EventDate "2022.03.19"]
[EventType "swiss"]
[EventRounds "9"]
[EventCountry "POL"]
[SourceTitle "CBM 207 Extra"]
[Source "ChessBase"]
[SourceDate "2022.05.31"]
[SourceVersion "1"]
[SourceVersionDate "2022.05.31"]
[SourceQuality "1"]

1. d4 Nf6 2. c4 e6 3. Nf3 b6 4. g3 Ba6 5. Qc2 Bb7 6. Bg2 Bb4+ 7. Bd2 Be7 8. Nc3 d5 9. cxd5 exd5 10. Bf4 c6 11. 0-0 0-0 12. Ne5 Nbd7 13. e4 Nh5 14. exd5 cxd5 15. Bxd5 Bxd5 16. Nxd5 Nxe5 17. Nxe7+ Qxe7 18. Bxe5 f6 19. Bc7 Rac8 20. Rac1 Qd7 21. Qc6 Rf7 22. Qf3 g6 23. Bf4 Rd8 24. Be3 Ng7 25. Rfd1 Nf5 26. d5 Qb5 27. Rd2 Nd6 28. b3 f5 29. Bg5 Re8 30. Bf4 Ne4 31. Rd4 Rd8 32. a4 Qa5 33. Qd1 Rfd7 34. b4 Qa6 35. f3 Nd6 36. Rc6 Nf7 37. h4 Qb7 38. b5 Re8 39. d6 Ne5 40. Qb3+ Kh8 41. Qd5 Nf7 42. g4 Qa8 43. gxf5 Qd8 44. Rc7 gxf5 45. Bg3 Rg8 46. Kf2 f4 47. Rxf4 Rxd6 48. Rfxf7 1-0

[Event "Rubinstein Memorial op-D 57th"]
[Site "Polanica Zdroj"]
[Date "2021.08.18"]
[Round "5"]
[White "Tomalak, Stanislaw"]
[Black "Jozefik, Aleksander"]
[Result "0-1"]
[WhiteElo "1685"]
[BlackElo "1470"]
[PlyCount "124"]
[EventDate "2021.08.14"]
[EventType "swiss"]
[EventRounds "9"]
[EventCountry "POL"]
[SourceTitle "CBM 204 Extra"]
[Source "ChessBase"]
[SourceDate "2021.11.30"]
[SourceVersion "1"]
[SourceVersionDate "2021.11.30"]
[SourceQuality "1"]

1. Nf3 Nf6 2. g3 d5 3. d3 c5 4. Bg2 Nc6 5. Nbd2 e5 6. e4 d4 7. Nc4 Qc7 8. a4 Be6 9. Bd2 0-0-0 10. b3 h6 11. 0-0 Be7 12. Qe1 b6 13. a5 b5 14. Nb2 a6 15. Rc1 g5 16. Qd1 Rhg8 17. c3 dxc3 18. Rxc3 b4 19. Rc1 Nxa5 20. Bxb4 Nxb3 21. Rc2 g4 22. Nd2 Nd4 23. Rc1 Nd7 24. Ba3 Rde8 25. Re1 Kd8 26. Qa4 Bg5 27. Rcd1 Bxd2 28. Rxd2 Ke7 29. Nc4 Rb8 30. Rb2 Bxc4 31. Qxc4 Qa5 32. Ra1 Rxb2 33. Bxb2 Qb5 34. Bxd4 Qxc4 35. dxc4 cxd4 36. Rxa6 Rb8 37. h3 Rb1+ 38. Kh2 d3 39. Ra2 h5 40. hxg4 hxg4 41. f3 gxf3 42. Bxf3 Rc1 43. Kh3 Rxc4 44. Rd2 Nc5 45. Kg2 Rc2 46. Rf2 Kd6 47. Kf1 Rc1+ 48. Kg2 Nb3 49. Bh5 d2 50. Rxf7 d1Q 51. Bxd1 Rxd1 52. g4 Re1 53. g5 Rxe4 54. Kf3 Nd2+ 55. Kg3 Re1 56. Kg4 Rg1+ 57. Kh5 Ke6 58. Rf8 Ke7 59. Rf5 Ke6 60. Rf8 Ne4 61. g6 Rh1+ 62. Kg4 Nf6+ 0-1

[Event "Rubinstein Memorial op-D 57th"]
[Site "Polanica Zdroj"]
[Date "2021.08.14"]
[Round "1"]
[White "Zbrzeski, Piotr"]
[Black "Jozefik, Aleksander"]
[Result "1/2-1/2"]
[WhiteElo "1773"]
[BlackElo "1470"]
[PlyCount "32"]
[EventDate "2021.08.14"]
[EventType "swiss"]
[EventRounds "9"]
[EventCountry "POL"]
[SourceTitle "CBM 204 Extra"]
[Source "ChessBase"]
[SourceDate "2021.11.30"]
[SourceVersion "1"]
[SourceVersionDate "2021.11.30"]
[SourceQuality "1"]

1. b3 e5 2. Bb2 Nc6 3. e3 d6 4. f4 Bd7 5. Nf3 Qe7 6. Be2 e4 7. Nd4 Qh4+ 8. g3 Qh3 9. Bf1 Qh6 10. Bb5 Nf6 11. Nxc6 bxc6 12. Be2 Bh3 13. Bf1 Bg4 14. Be2 Bh3 15. Bf1 Bg4 16. Be2 Bh3 1/2-1/2

[Event "Poronin Tatra Limba op-B"]
[Site "Poronin"]
[Date "2021.05.25"]
[Round "4.2"]
[White "Mytnik, Kinga"]
[Black "Jozefik, Aleksander"]
[Result "0-1"]
[WhiteElo "1406"]
[BlackElo "1568"]
[PlyCount "74"]
[EventDate "2021.05.22"]
[EventType "swiss"]
[EventRounds "9"]
[EventCountry "POL"]
[SourceTitle "EXT 2022"]
[Source "ChessBase"]
[SourceDate "2021.10.06"]
[SourceVersion "1"]
[SourceVersionDate "2021.10.06"]
[SourceQuality "1"]

1. e4 c5 2. Nc3 Nc6 3. Bc4 g6 4. f4 Bg7 5. Nf3 d6 6. 0-0 e6 7. Qe1 Nd4 8. Nxd4 cxd4 9. Ne2 Ne7 10. d3 Bd7 11. Bb3 Qb6 12. Bd2 a5 13. a4 Bc6 14. Ng3 h5 15. f5 h4 16. Nh1 exf5 17. exf5 Be5 18. fxg6 fxg6 19. Bf4 Qc7 20. Bf7+ Kd8 21. Bxe5 dxe5 22. Qd2 h3 23. g3 Kc8 24. Rf6 Kb8 25. Bxg6 Nxg6 26. Rxg6 Qf7 27. Qg5 Qd5 28. Kf1 Qxh1+ 29. Kf2 Rf8+ 30. Rf6 Qg2+ 31. Ke1 Qg1+ 32. Ke2 Qxh2+ 33. Ke1 Qh1+ 34. Kd2 Qg2+ 35. Ke1 Qg1+ 36. Kd2 Qe3+ 37. Qxe3 dxe3+ 0-1